• 首页
  • 本馆介绍
  • 公告通知
  • 最新文献
  • 馆藏检索
  • 电子资源
  • 读者导购
  • 参考咨询
  • 我的图书馆
  • 登录
  • 详细信息显示
  • 放入我的书架
  • 预约/预借图书
  • 作者相关作品
  • 分类相关作品
  • 丛书相关作品
  • 出版社相关作品

书目信息

  • 表格格式
  • 工作单格式
  • 卡片格式
题名:
英语电影文学与批评理论
    
 
作者: 蔡圣勤 主编
分册:  
出版信息: 北京   北京理工大学出版社  2013.04
页数: 132页
开本: 24cm
丛书名:
单 册:
中图分类: J905.5
科图分类:
主题词: 电影评论--西方国家--英文 , 电影评论
电子资源:
ISBN: 978-7-5640-7564-4
000 01071nam0 2200277 450
001 012013135035
005 20130627155821.48
010    @a978-7-5640-7564-4@dCNY23.00
100    @a20130617d2013 em y0chiy0110 ea
101 0  @aeng@gchi
102    @aCN@b110000
105    @aak z 000yy
106    @ar
200 1  @a英语电影文学与批评理论@9ying yu dian ying wen xue yu pi ping li lun@dEnglish film literature and critical theory@f蔡圣勤主编@zeng
210    @a北京@c北京理工大学出版社@d2013.04
215    @a132页@c图@d24cm
300    @a新维度外语系列教程
330    @a本书采用理论联系实际的方法,每个章节注重介绍和运用一种批评方法分析一部英语经典电影,将电影的“细读”与文本的分析相结合,力求吃透理论,并且提出每个批评方法所关注的问题,还列出扩展阅读该理论的学者及其书目。
333    @a影视爱好者
510 1  @aEnglish film literature and critical theory@zeng
606 0  @a电影评论@x西方国家@x英文
606 0  @a电影评论
690    @aJ905.5@v5
701  0 @a蔡圣勤@9cai sheng qin@4主编
801  0 @aCN@b人天书店@c20130617
905    @b546832-35@dJ905.5@e268@f4
    
    英语电影文学与批评理论=English film literature and critical theory/蔡圣勤主编.-北京:北京理工大学出版社,2013.04
    132页:图;24cm
    新维度外语系列教程.-使用对象:影视爱好者
    
    ISBN 978-7-5640-7564-4:CNY23.00
    本书采用理论联系实际的方法,每个章节注重介绍和运用一种批评方法分析一部英语经典电影,将电影的“细读”与文本的分析相结合,力求吃透理论,并且提出每个批评方法所关注的问题,还列出扩展阅读该理论的学者及其书目。
●
相关链接 在E读中查询图书 在五车中查询图书 在当当中查询图书 在豆瓣中查询图书


正题名:英语电影文学与批评理论     索取号:J905.5/268         预约/预借

序号 登录号 条形码 馆藏地/架位号 状态 备注
1 546832   205468322   第一样本阅览室/ [索取号:J905.5/268] 在馆    
2 546833   205468331   第一借阅区/ [索取号:J905.5/268] 在馆    
3 546834   205468340   第一借阅区/ [索取号:J905.5/268] 在馆    
4 546835   205468359   第一借阅区/ [索取号:J905.5/268] 在馆    
唐山师范学院图书馆 欢迎您!
大连网信软件有限公司© 版权所有